Normal view
MARC view
Entry Personal Name
001 - CONTROL NUMBER
- control field: 467350
003 - CONTROL NUMBER IDENTIFIER
- control field: OSt
005 - DATE AND TIME OF LATEST TRANSACTION
- control field: 20220928124952.0
008 - FIXED-LENGTH DATA ELEMENTS
- fixed length control field: 220928|| aca||aabn | a|a d
040 ## - CATALOGING SOURCE
- Original cataloging agency: OSt
- Transcribing agency: OSt
100 ## - HEADING--PERSONAL NAME
- Personal name: Iyengar K R Srinivasa Au
670 ## - SOURCE DATA FOUND
- Source citation: Work cat.: (OSt)780189: Iyengar K R Srinivasa Au., Indian writing in English., 1973
